All Nordic Countries - Statistics

General Stats
  • This quiz has been taken 75 times
    51 since last reset
  • The average score is 7 of 8
Answer Stats
Picture Answer % Correct
Denmark
100%
Finland
100%
Iceland
100%
Norway
100%
Sweden
100%
Greenland
82%
Faroe islands
68%
Aland Islands
32%
No matching quizzes found
Score Distribution
Percent of People with Each Score
Percentile by Number Answered
Your Score History
You have not taken this quiz since the last reset